इसे छोड़कर सामग्री पर बढ़ने के लिए

Построение оптимальной системы распределения субсидий в сельском хозяйстве Статья

में बचाया:
ग्रंथसूची विवरण
मुख्य लेखक: Мазлоев В. З.
स्वरूप: Статья
ऑनलाइन पहुंच:https://znanium.com/catalog/document?id=90361
https://znanium.com/cover/0494/494840.jpg
टैग : टैग जोड़ें
कोई टैग नहीं, इस रिकॉर्ड को टैग करने वाले पहले व्यक्ति बनें!
LEADER 01407nam0a2200217 i 4500
001 RU\infra-m\znanium\bibl\494840
003 https://znanium.com/catalog/document?id=90361
005 20190327000000.0
100 |a 20190327d2014 m y0rusy0150 ca 
101 0 |a rus 
102 |a RU 
200 1 |a Построение оптимальной системы распределения субсидий в сельском хозяйстве  |e Статья 
210 1 |a Балашиха  |c Автономная некоммерческая организация Редакция журнала Экономика сельского хозяйства России  |d 2014 
215 |a 5 с. 
333 |a Аспирантура 
608 |a Статья  |2 local 
700 1 |a Мазлоев  |b В. З.  |g Виталий Зелимханович 
701 1 |a Кцоев  |b А.Б.  |g Аслан Бимбулатович  |p Московский государственный университет им. М.В. Ломоносова, экономический факультет 
801 0 |a RU  |b Общество с ограниченной ответственностью «ЗНАНИУМ»  |c 20141113  |2 rusmarc 
856 4 |a znanium.com  |m ebs_support@infra-m.ru  |n НИЦ ИНФРА-М  |u https://znanium.com/catalog/document?id=90361 
856 4 1 |a znanium.com  |d /cover/0494  |f 494840.jpg  |q image/jpeg  |u https://znanium.com/cover/0494/494840.jpg